000 00368nam a2200157Ia 4500
003 Ost
005 20260225132541.0
008 260225s9999||||xx |||||||||||||| ||und||
040 _cfsic
041 _afre
082 _a370.1
100 _aPhilippe zirifian
_eAuteur
245 0 _aL'enseignement d'un peuple monde /
245 0 _cPhilippe zirifian
942 _cكتاب
999 _c33500
_d33500